=LDR 00000nam 2200000 4500 =001 INLIS000000000012303 =005 20130612103833 =008 ***********************************Ind** =035 ##$$0010-061300000012303 =041 ##$$a Ind =082 ##$$a 658.85 =090 ##$$a 658.85, New p =100 ##$$a Newton, Drek A =245 ##$$a Pacu tim Penjualan anda ke Prestasi puncak, Derek A Newton ; Alih bahasa Nurlistiawati =260 ##$$a 1995 $b Jakarta =300 ##$$a xii, 245 hlm., 21 cm =650 ##$$a Manajemen =650 ##$$a Salesman =700 ##$$a Nurlistiawati =850 ##$$a NBPNMAT